[Event "Malaysian Open"]
[Site "Kuala Lumpur MAS"]
[Date "2011.08.19"]
[Round "3.35"]
[White "Nur, Nabila Azman Hisham"]
[Black "Iuldachev, Saidali"]
[Result "0-1"]
[WhiteTitle "WCM"]
[BlackTitle "GM"]
[WhiteElo "1894"]
[BlackElo "2482"]
[WhiteFideId "5702135"]
[BlackFideId "14200104"]
[EventDate "2011.08.18"]

1. d4 Nf6 2. c4 d6 3. g3 Nbd7 4. Bg2 e5 5. Nc3 g6 6. Nf3 Bg7 7. dxe5 dxe5 8. e4
c6 9. O-O O-O 10. Qe2 Qc7 11. h3 Re8 12. Be3 Nf8 13. Rfd1 Ne6 14. c5 Nh5 15. Qc2
f6 16. Ne2 Qf7 17. Nh4 Bf8 18. b4 a5 19. a3 Nc7 20. g4 Ng7 21. Ng3 Nge6 22. Bf1
Nf4 23. Kh2 Be6 24. Qc1 axb4 25. axb4 Rxa1 26. Qxa1 Ra8 27. Qc1 Ra4 28. Ne2 Nxe2
29. Bxe2 Be7 30. Qc3 Nb5 31. Bxb5 cxb5 32. Bh6 Qe8 33. Nf3 Qc6 34. Nxe5 Qxe4 35.
Nd7 Kf7 36. Rd4 Qe2 37. Qe3 Qf1 38. Qf3 Ra1 39. Qg2 g5 40. Qxf1 Rxf1 41. Kg2 Rb1
42. h4 gxh4 43. Nb6 f5 44. gxf5 Bxf5 45. Be3 Bf6 46. Rf4 h3+ 47. Kh2 Be5 48. Nd5
Ke6 49. Nc3 Rxb4 50. Ne2 Rc4 51. Kg1 Bxf4 52. Nxf4+ Ke5 53. Ne2 b4 54. Nc1 Rg4+
55. Kh2 Rg2+ 56. Kh1 Be4 57. f3 Bc2 58. c6 bxc6 59. f4+ Kf5 0-1

[Event "Malaysian Open"]
[Site "Kuala Lumpur MAS"]
[Date "2011.08.19"]
[Round "3.36"]
[White "Cai, Jiaying"]
[Black "Ajeet Singh, Roshan"]
[Result "1-0"]
[WhiteElo "2094"]
[BlackElo "1864"]
[WhiteFideId "8604312"]
[BlackFideId "5704740"]
[EventDate "2011.08.18"]

1. e4 c5 2. Nf3 Nc6 3. d4 cxd4 4. Nxd4 e5 5. Nb5 d6 6. c4 Be7 7. N1c3 a6 8. Na3
Nf6 9. Be3 Ng4 10. Bc1 Qb6 11. Qd2 Bh4 12. g3 Bg5 13. f4 exf4 14. Nd5 Qd8 15.
Nxf4 Nge5 16. Be2 O-O 17. O-O f5 18. exf5 Bxf5 19. Qd5+ Kh8 20. Be3 Qe7 21. Rae1
Rae8 22. Qd2 Be4 23. Ng6+ Bxg6 24. Bxg5 Qe6 25. Rxf8+ Rxf8 26. Bd1 Qf7 27. Qf4
Qe8 28. Qd2 Qf7 29. Qf4 Qg8 30. Qd2 Nd3 31. Rf1 Rxf1+ 32. Kxf1 Qf7+ 33. Bf4 Nce5
34. b3 Qf5 35. Kg1 Qe4 36. Nc2 Nf3+ 37. Bxf3 Qxf3 38. Nd4 Qe4 39. Qe3 Nxf4 40.
Qxe4 Bxe4 41. gxf4 Kg8 42. Kf2 Kf7 43. Ke3 Bb1 44. a4 Kf6 45. b4 h6 46. a5 g5
47. fxg5+ hxg5 48. b5 Ke5 49. bxa6 bxa6 50. Nc6+ Ke6 51. Nb8 Ba2 52. Kd4 d5 53.
Nxa6 Bxc4 54. Nc5+ Kf5 55. Nd7 Kf4 56. Ne5 Bf1 57. Kxd5 Ke3 58. Ke6 Kf2 59. Kf5
Bh3+ 60. Kxg5 Kg2 61. a6 Kxh2 62. Nf3+ Kg3 63. a7 1-0

[Event "Malaysian Open"]
[Site "Kuala Lumpur MAS"]
[Date "2011.08.19"]
[Round "3.37"]
[White "Ong, Way Justin"]
[Black "Ravry, Kazoune"]
[Result "1-0"]
[WhiteElo "2041"]
[BlackElo "1784"]
[WhiteFideId "5703565"]
[BlackFideId "667293"]
[EventDate "2011.08.18"]

1. e4 e6 2. Nf3 d5 3. Nc3 Nf6 4. e5 Nfd7 5. d4 c5 6. dxc5 Bxc5 7. Bd3 Nc6 8. Qe2
f6 9. exf6 Nxf6 10. O-O O-O 11. a3 Bd7 12. Bg5 h6 13. Bh4 Qe7 14. b4 Nd4 15.
Nxd4 Bxd4 16. Nxd5 Qd6 17. Nxf6+ Bxf6 18. Bxf6 Rxf6 19. Rad1 Qc7 20. c4 Re8 21.
c5 e5 22. Qe4 Bf5 23. Bc4+ Kh8 24. Qe3 Bc8 25. Rd2 Qe7 26. Re1 Qc7 27. f3 b6 28.
Bb5 Re7 29. Red1 Kh7 30. Rd6 Ree6 31. cxb6 axb6 32. Qe4+ Rg6 33. Rxe6 Bxe6 34.
Bd3 Bf7 35. Qe3 1-0

[Event "Malaysian Open"]
[Site "Kuala Lumpur MAS"]
[Date "2011.08.19"]
[Round "3.38"]
[White "Gibbons, Robert"]
[Black "Loh, Zachary"]
[Result "1/2-1/2"]
[WhiteElo "2034"]
[BlackElo "1769"]
[WhiteFideId "4300700"]
[BlackFideId "3210383"]
[EventDate "2011.08.18"]

1. Nf3 e6 2. g3 f5 3. Bg2 Nf6 4. d3 Be7 5. O-O O-O 6. c3 d6 7. b4 e5 8. Qb3+ Kh8
9. Nbd2 c6 10. Bb2 Na6 11. e4 Nc7 12. Rad1 Be6 13. c4 Qe8 14. Ng5 Bd7 15. f4 Ng4
16. Rde1 Qd8 17. h3 Nh6 18. exf5 exf4 19. gxf4 Nxf5 20. Nde4 d5 21. cxd5 Nxd5
22. Nc5 Bxc5+ 23. bxc5 h6 24. Ne6 Bxe6 25. Rxe6 Qd7 26. Bxd5 cxd5 27. Rfe1 Rae8
28. Rxe8 Rxe8 29. Be5 Qc6 30. Qc2 Nh4 31. Qf2 Qg6+ 32. Kh2 Qh5 33. Bxg7+ Kxg7
34. Rxe8 Qxe8 35. Qxh4 Qe2+ 36. Kg1 Qe3+ 37. Kg2 Qe2+ 38. Qf2 Qxd3 39. Qb2+ Kg6
40. Qxb7 Qe2+ 41. Kg3 Qe3+ 42. Kg2 Qe2+ 1/2-1/2

[Event "Malaysian Open"]
[Site "Kuala Lumpur MAS"]
[Date "2011.08.19"]
[Round "3.39"]
[White "Lee, T H Bryan"]
[Black "Narayanan, Renitha"]
[Result "0-1"]
[WhiteElo "1988"]
[BlackElo "1717"]
[WhiteFideId "6000584"]
[BlackFideId "5702909"]
[EventDate "2011.08.18"]

1. e4 c5 2. Nf3 d6 3. d4 cxd4 4. Nxd4 Nf6 5. Nc3 a6 6. f4 e5 7. Nf3 Qc7 8. a4
Nbd7 9. Bd3 Be7 10. O-O O-O 11. Kh1 b6 12. Nh4 Nc5 13. fxe5 dxe5 14. Bg5 Be6 15.
Nf5 Bxf5 16. Rxf5 Qd6 17. Qf3 Nxd3 18. cxd3 Nd7 19. Bxe7 Qxe7 20. Nd5 Qd6 21.
Rf1 f6 22. Rh5 g6 23. Rh6 Rf7 24. g4 Raf8 25. b4 b5 26. a5 Nb8 27. Rc1 Nc6 28.
Qe3 Nxb4 29. Nxb4 Qxb4 30. Ra1 Rc8 31. Rh3 Qc3 32. Ra2 b4 33. Qe2 b3 34. Rb2
Qc1+ 35. Kg2 Rc2 36. Rxc2 Qxc2 37. Re3 Rc7 38. Kg3 b2 39. Qf3 b1=Q 40. Qxf6 Qg1+
41. Kh4 Qcxh2+ 42. Rh3 Qgg3+ 43. Kg5 Qd2+ 0-1

[Event "Malaysian Open"]
[Site "Kuala Lumpur MAS"]
[Date "2011.08.19"]
[Round "3.41"]
[White "Yong, Han Shawn"]
[Black "Guo, Emma"]
[Result "1/2-1/2"]
[BlackTitle "WIM"]
[WhiteElo "1824"]
[BlackElo "2029"]
[WhiteFideId "5802377"]
[BlackFideId "3200795"]
[EventDate "2011.08.18"]

1. d4 Nf6 2. c4 c5 3. d5 b5 4. cxb5 a6 5. bxa6 g6 6. g3 Bxa6 7. Bg2 d6 8. Nc3
Bg7 9. Nf3 Nbd7 10. O-O Nb6 11. Nd2 Ng4 12. Qc2 O-O 13. Rb1 Ra7 14. b4 cxb4 15.
Rxb4 Rc7 16. Bb2 Nf6 17. Rxb6 Rxc3 18. Bxc3 Qxb6 19. Rb1 Qc5 20. Nb3 Qc4 21. Na5
Qc5 22. Nb3 Qc4 1/2-1/2

[Event "Malaysian Open"]
[Site "Kuala Lumpur MAS"]
[Date "2011.08.19"]
[Round "3.42"]
[White "William, Lee Kah Howe"]
[Black "Zelesco, Karl"]
[Result "1/2-1/2"]
[WhiteElo "1800"]
[BlackElo "2013"]
[WhiteFideId "5702240"]
[BlackFideId "3213390"]
[EventDate "2011.08.18"]

1. e4 c6 2. d4 d5 3. Nc3 dxe4 4. Nxe4 Bf5 5. Ng3 Bg6 6. h4 h6 7. Nf3 Nd7 8. Bc4
e6 9. Qe2 Qc7 10. Be3 Bd6 11. Nf1 Ngf6 12. O-O-O Nd5 13. Bd3 Bxd3 14. Qxd3 Nb4
15. Qb3 a5 16. Kb1 a4 17. Qc3 b5 18. Qe1 Nd5 19. Bd2 b4 20. Ne3 Nxe3 21. Qxe3
Nb6 22. Ne5 Nd5 23. Qe2 Bxe5 24. Qxe5 Qxe5 25. dxe5 c5 26. c4 bxc3 27. Bxc3
Nxc3+ 28. bxc3 O-O 29. Kc2 Kh7 30. h5 f6 31. exf6 Rxf6 32. f3 Rf5 33. Rd7 Re5
34. Rh4 a3 35. Rg4 Rg8 36. Kb3 Rxh5 37. Kxa3 Rd5 38. Re7 Rd6 39. Kb3 h5 40. Rg5
Rd5 41. Rg3 Re5 42. f4 Re4 43. Rg5 Rxf4 44. Rxh5+ Kg6 45. Rxc5 Rb8+ 46. Ka3 Ra8+
47. Kb3 Rb8+ 48. Ka3 Rf2 49. Rxe6+ Kf7 50. Ra6 Rxg2 51. c4 Rbb2 52. Rc7+ Kg8 53.
Ra8+ Kh7 54. Raa7 Rxa2+ 55. Kb4 Rab2+ 56. Kc3 Rbc2+ 57. Kb3 Rb2+ 58. Kc3 1/2-1/2

[Event "Malaysian Open"]
[Site "Kuala Lumpur MAS"]
[Date "2011.08.19"]
[Round "3.43"]
[White "Siew, Kit-Tze Mark"]
[Black "Marret, Benjamin"]
[Result "1-0"]
[WhiteElo "1972"]
[BlackElo "1821"]
[WhiteFideId "5706017"]
[BlackFideId "20605773"]
[EventDate "2011.08.18"]

1. e4 e6 2. Qe2 c5 3. Nf3 b6 4. d3 Nc6 5. g3 Bb7 6. Bg2 Nf6 7. e5 Nd5 8. O-O Qc7
9. c4 Nde7 10. b3 Ng6 11. Re1 d6 12. Bb2 dxe5 13. Nxe5 Ngxe5 14. Bxe5 Nxe5 15.
Bxb7 Qxb7 16. Qxe5 O-O-O 17. Re3 h5 18. Nc3 h4 19. Qe4 g6 20. Qxb7+ Kxb7 21. Rf3
Rd7 22. Ne4 Bg7 23. Rb1 hxg3 24. fxg3 Bd4+ 25. Kg2 Rh7 26. Ng5 1-0

[Event "Malaysian Open"]
[Site "Kuala Lumpur MAS"]
[Date "2011.08.19"]
[Round "3.44"]
[White "Kia, Fatemeh"]
[Black "Qiu, Mengjie"]
[Result "0-1"]
[WhiteElo "1772"]
[BlackElo "1941"]
[WhiteFideId "12507580"]
[BlackFideId "8606137"]
[EventDate "2011.08.18"]

1. d4 Nf6 2. Nf3 g6 3. c4 Bg7 4. Nc3 d5 5. cxd5 Nxd5 6. Bd2 O-O 7. e4 Nb6 8. Be3
Nc6 9. Be2 Bg4 10. e5 Nb4 11. h3 Bf5 12. Rc1 N6d5 13. Nxd5 Nxd5 14. Qd2 Nxe3 15.
Qxe3 c6 16. O-O Qb6 17. b3 Qa5 18. a4 Rfd8 19. g4 Be6 20. Rfd1 Bd5 21. Nd2 Qb4
22. Bc4 Rd7 23. e6 fxe6 24. Bxd5 Rxd5 25. Qxe6+ Kh8 26. Rc4 Qd6 27. Qxd6 exd6
28. Nf3 Rf8 29. Kg2 Kg8 30. Re1 Kf7 31. h4 h6 32. b4 Re8 33. Rxe8 Kxe8 34. a5
Kd7 35. g5 h5 36. Kg3 b5 37. axb6 axb6 38. Kf4 b5 39. Rc2 Bxd4 40. Ke4 Bb6 41.
Ra2 Rf5 42. Ra6 d5+ 0-1

[Event "Malaysian Open"]
[Site "Kuala Lumpur MAS"]
[Date "2011.08.19"]
[Round "3.45"]
[White "Goundar, Sanmogam"]
[Black "Camilia, Bt. Johari"]
[Result "1/2-1/2"]
[WhiteTitle "CM"]
[WhiteElo "1934"]
[BlackElo "1753"]
[WhiteFideId "11400110"]
[BlackFideId "5704677"]
[EventDate "2011.08.18"]

1. e4 c6 2. d4 d5 3. e5 Bf5 4. Nc3 e6 5. f4 Nd7 6. Nf3 Ne7 7. Be3 c5 8. dxc5 Nc6
9. Bd3 Bg4 10. Be2 Bxc5 11. Bxc5 Nxc5 12. O-O Qb6 13. Kh1 Qxb2 14. Nb5 O-O 15.
Rb1 Qxa2 16. Ra1 Qb2 17. Rb1 Qa2 18. Ra1 Qb2 19. Rb1 Qa2 20. Ra1 1/2-1/2

[Event "Malaysian Open"]
[Site "Kuala Lumpur MAS"]
[Date "2011.08.19"]
[Round "3.46"]
[White "Tan, Fischer"]
[Black "Klein, Gernot"]
[Result "0-1"]
[WhiteElo "1560"]
[BlackElo "1919"]
[WhiteFideId "5803187"]
[BlackFideId "4695496"]
[EventDate "2011.08.18"]

1. d4 d5 2. g3 c6 3. Bg2 Bf5 4. Nd2 Nf6 5. h3 e6 6. Nf1 Nbd7 7. f3 Bd6 8. g4 Bg6
9. h4 h6 10. h5 Bh7 11. g5 hxg5 12. Bxg5 Qc7 13. Qd2 O-O-O 14. h6 gxh6 15. Bxh6
Bg6 16. Nh3 Rde8 17. O-O-O Reg8 18. Nf4 Rxh6 19. Nxg6 Rhxg6 20. Bh3 Rg1 21. Ne3
Rxd1+ 22. Nxd1 Rh8 23. a3 Kb8 24. e3 Nb6 25. Qg2 Rg8 26. Bg4 Nc4 27. Rh6 Nxg4
28. fxg4 Qe7 29. Qf3 Bxa3 30. Rh7 Rf8 31. g5 Qb4 32. Qf4+ e5 33. dxe5 Qd2+ 34.
Kb1 Qxd1+ 35. Ka2 Qxc2 36. e6+ Bd6 37. Qd4 Qxh7 38. e4 Qxe4 39. Qg1 Qxe6 0-1

[Event "Malaysian Open"]
[Site "Kuala Lumpur MAS"]
[Date "2011.08.19"]
[Round "3.47"]
[White "Limono, Handjojo"]
[Black "Karunanayake, Mayuri"]
[Result "1/2-1/2"]
[WhiteElo "1916"]
[BlackElo "1667"]
[WhiteFideId "7102909"]
[BlackFideId "9900390"]
[EventDate "2011.08.18"]

1. c4 e5 2. g3 Nf6 3. Bg2 c6 4. Nf3 Qc7 5. Nc3 d5 6. cxd5 cxd5 7. O-O Nc6 8. d4
e4 9. Ne5 a6 10. Bg5 Be6 11. Rc1 Be7 12. Qa4 O-O 13. Nxc6 bxc6 14. Bf4 Qb6 15.
Nd1 Bd7 16. Bg5 c5 17. dxc5 Bxc5 18. Qc2 Rfc8 19. Qb1 h6 20. Bf4 Ng4 21. h4 Bb5
22. Rc2 Bd7 23. Qc1 Bf5 24. e3 Nf6 25. Be5 Ng4 26. Bc3 Rab8 27. Qd2 Be6 28. Re1
h5 29. a3 Bd6 30. Bd4 Rxc2 31. Qxc2 Qc7 32. Nc3 Ne5 33. Re2 Nd3 1/2-1/2

[Event "Malaysian Open"]
[Site "Kuala Lumpur MAS"]
[Date "2011.08.20"]
[Round "4.1"]
[White "Lu, Shanglei"]
[Black "Dimakiling, Oliver"]
[Result "0-1"]
[WhiteTitle "IM"]
[BlackTitle "IM"]
[WhiteElo "2526"]
[BlackElo "2414"]
[WhiteFideId "8603332"]
[BlackFideId "5202248"]
[EventDate "2011.08.18"]

1. e4 c5 2. Nf3 Nc6 3. Bb5 Na5 4. c3 a6 5. Ba4 b5 6. Bc2 d6 7. h3 e5 8. d4 Qc7
9. dxe5 dxe5 10. Qd5 Bd6 11. Qxa8 Ne7 12. a4 b4 13. Bg5 f6 14. Be3 Nc4 15. a5
Nxe3 16. fxe3 O-O 17. Nbd2 c4 18. Rd1 Bb7 19. Qxf8+ Kxf8 20. O-O b3 21. Bb1 Nc8
22. Nh4 Kg8 23. Nf5 Bf8 24. g4 g6 25. Ng3 Be7 26. h4 Nd6 27. Nf3 Qxa5 28. g5 Qc5
29. gxf6 Bxf6 30. Kh2 Ne8 31. Ng5 Qe7 32. Rf2 Bc8 33. Rd5 Bg4 34. Kg2 Bxg5 35.
hxg5 Qxg5 36. Rc5 h5 37. Nf1 Bf3+ 0-1

[Event "Malaysian Open"]
[Site "Kuala Lumpur MAS"]
[Date "2011.08.20"]
[Round "4.2"]
[White "Wang, Rui"]
[Black "Li, Shilong"]
[Result "0-1"]
[WhiteTitle "GM"]
[BlackTitle "GM"]
[WhiteElo "2436"]
[BlackElo "2520"]
[WhiteFideId "8601003"]
[BlackFideId "8600678"]
[EventDate "2011.08.18"]

1. d4 Nf6 2. c4 g6 3. Nc3 Bg7 4. e4 d6 5. f3 O-O 6. Be3 a6 7. Qd2 Nbd7 8. Nge2
c5 9. d5 Ne5 10. Nc1 e6 11. a4 exd5 12. cxd5 Nh5 13. Be2 f5 14. exf5 gxf5 15.
O-O f4 16. Bf2 Bf5 17. Bd3 Qg5 18. Kh1 Bxd3 19. Nxd3 Nc4 20. Qc2 Ng3+ 21. Bxg3
fxg3 22. Rfe1 Qh6 23. h3 Rxf3 24. Qe2 Re3 25. Qg4 Rxd3 26. Qxc4 Rd4 27. Qe2 Rf8
28. Rad1 Be5 29. Ne4 Rxd1 30. Rxd1 Qf4 31. b3 Kh8 32. a5 Bd4 33. Nd2 Qe5 34. Qd3
Qxd5 35. Ne4 Qf5 36. Nxg3 Qxd3 37. Rxd3 Be5 38. Kg1 Bd4+ 39. Kh2 Rf2 40. h4 d5
41. Kh3 Rf4 42. Nh5 Re4 43. Rf3 Re3 44. Kg4 Rxf3 45. gxf3 c4 46. bxc4 dxc4 0-1

[Event "Malaysian Open"]
[Site "Kuala Lumpur MAS"]
[Date "2011.08.20"]
[Round "4.3"]
[White "Wang, Jue"]
[Black "Barbosa, Oliver"]
[Result "0-1"]
[BlackTitle "IM"]
[WhiteElo "2294"]
[BlackElo "2514"]
[WhiteFideId "8604070"]
[BlackFideId "5201640"]
[EventDate "2011.08.18"]

1. e4 c6 2. d4 d5 3. f3 Qb6 4. Nc3 dxe4 5. Bc4 Nf6 6. fxe4 e5 7. dxe5 Ng4 8. Qe2
Nxe5 9. Bb3 Bg4 10. Nf3 Nbd7 11. Bd2 a5 12. h3 Bh5 13. g4 Bg6 14. O-O-O Qc7 15.
Nd4 Bb4 16. Nf5 Bxf5 17. gxf5 Be7 18. a4 Bf6 19. Kb1 Nc5 20. Ba2 Qe7 21. Bf4 O-O
22. h4 Rad8 23. h5 h6 24. Rdg1 Kh7 25. Qe3 Rd7 26. Rg6 Rfd8 27. Qg3 Qf8 28. Rxf6
gxf6 29. Rg1 Na6 30. Bxe5 fxe5 31. Qxe5 f6 32. Qf4 Rg7 33. Rg6 Rxg6 34. hxg6+
Kg7 35. e5 fxe5 36. Qxe5+ Qf6 37. Qxa5 Qd4 38. Be6 Rd6 39. Ka2 h5 40. Ne2 Qc5
41. Qe1 Nb4+ 42. Kb3 Nxc2 43. Qh4 Nd4+ 44. Ka2 0-1

[Event "Malaysian Open"]
[Site "Kuala Lumpur MAS"]
[Date "2011.08.20"]
[Round "4.4"]
[White "Irwanto, Sadikin"]
[Black "Cao, Sang"]
[Result "1/2-1/2"]
[WhiteTitle "IM"]
[BlackTitle "GM"]
[WhiteElo "2417"]
[BlackElo "2533"]
[WhiteFideId "7100590"]
[BlackFideId "725056"]
[EventDate "2011.08.18"]

1. d4 Nf6 2. c4 e6 3. Nf3 b6 4. g3 Bb7 5. Bg2 Be7 6. O-O O-O 7. Nc3 Na6 8. b3
Ne4 9. Bb2 f5 10. Ne1 Nxc3 11. Bxc3 Bxg2 12. Nxg2 Bf6 13. Qc2 Qe7 14. Rad1 Nb4
15. Bxb4 Qxb4 16. d5 Rad8 17. dxe6 dxe6 18. e4 Qc3 19. Qxc3 Bxc3 20. Nf4 Kf7 21.
exf5 exf5 22. Rd5 Rxd5 23. Nxd5 Be5 24. Re1 Bd6 25. Kg2 Rd8 26. Kf3 g6 27. Rd1
Re8 28. h4 h6 29. Ne3 h5 30. a4 Re4 31. Nd5 Re6 32. Nc3 c6 33. Ne2 Rf6 34. Rd3
a5 35. Nf4 Ke7 36. Re3+ Kd7 37. Rd3 Ke7 38. Re3+ 1/2-1/2

[Event "Malaysian Open"]
[Site "Kuala Lumpur MAS"]
[Date "2011.08.20"]
[Round "4.5"]
[White "Laylo, Darwin"]
[Black "Vakhidov, Jahongir"]
[Result "0-1"]
[WhiteTitle "GM"]
[WhiteElo "2528"]
[BlackElo "2392"]
[WhiteFideId "5201330"]
[BlackFideId "14201801"]
[EventDate "2011.08.18"]

1. d4 Nf6 2. c4 g6 3. g3 Bg7 4. Bg2 O-O 5. Nc3 d6 6. Nf3 Nc6 7. O-O Bg4 8. h3
Bxf3 9. Bxf3 Nd7 10. e3 e5 11. d5 Ne7 12. e4 f5 13. exf5 gxf5 14. Bg2 Ng6 15. f4
exf4 16. gxf4 Re8 17. Qd3 Qf6 18. Be3 a6 19. Rae1 Re7 20. Re2 Rae8 21. Rfe1 Qh4
22. Rf1 Qh5 23. Rff2 Nh4 24. Kf1 Qg6 25. Bd4 Bxd4 26. Qxd4 Rxe2 27. Nxe2 Nf6 28.
Qd3 Nh5 29. Qb3 b6 30. Qa4 Re7 31. Qxa6 Qe8 32. c5 Ng3+ 33. Ke1 Nxe2 34. cxd6
cxd6 35. Kd2 Ng3 36. Qxb6 Re2+ 37. Rxe2 Qxe2+ 38. Kc3 Nxg2 39. Qd8+ Kf7 40. Qh8
Ne4+ 41. Kb4 Nf6 0-1

[Event "Malaysian Open"]
[Site "Kuala Lumpur MAS"]
[Date "2011.08.20"]
[Round "4.6"]
[White "Wan, Yunguo"]
[Black "Bai, Jinshi"]
[Result "1-0"]
[WhiteElo "2462"]
[BlackElo "2151"]
[WhiteFideId "8603189"]
[BlackFideId "8602280"]
[EventDate "2011.08.18"]

1. e4 e5 2. f4 exf4 3. Nf3 g5 4. Bc4 g4 5. O-O gxf3 6. Qxf3 Qf6 7. e5 Qb6+ 8.
Kh1 Bh6 9. d3 Ne7 10. Bxf4 Rf8 11. Nc3 Bxf4 12. Qxf4 Qg6 13. d4 Qg7 14. Rae1
Nbc6 15. Nb5 Rb8 16. e6 fxe6 17. Qxc7 Rxf1+ 18. Rxf1 Nf5 19. Be2 Ke7 20. Bf3 Ra8
21. d5 Ne5 22. dxe6 Ng3+ 23. hxg3 Qh6+ 24. Kg1 Qe3+ 25. Rf2 Qc1+ 26. Rf1 Qe3+
27. Kh1 Qh6+ 28. Bh5 Qxh5+ 29. Kg1 Nf3+ 30. Rxf3 Qxb5 31. Qf4 Qb6+ 32. Kh1 dxe6
33. Qf8+ Kd7 34. Rd3+ Kc6 35. Qd6+ Kb5 36. Rb3+ 1-0

[Event "Malaysian Open"]
[Site "Kuala Lumpur MAS"]
[Date "2011.08.20"]
[Round "4.7"]
[White "Yu, Ruiyuan"]
[Black "Nolte, Rolando"]
[Result "1/2-1/2"]
[BlackTitle "IM"]
[WhiteElo "2431"]
[BlackElo "2433"]
[WhiteFideId "8603090"]
[BlackFideId "5200636"]
[EventDate "2011.08.18"]

1. e4 c5 2. Nf3 d6 3. d4 cxd4 4. Nxd4 Nf6 5. Nc3 a6 6. f4 e5 7. Nf3 Nbd7 8. a4
Be7 9. Bd3 O-O 10. O-O exf4 11. Kh1 Nh5 12. Nd5 Nc5 13. Nd4 g6 14. Nxf4 Nxf4 15.
Bxf4 Bf6 16. c3 Nxd3 17. Qxd3 Be5 18. Qg3 f6 19. Rad1 Qe7 20. Nf3 Bd7 21. a5 Bc6
22. Rfe1 Rad8 23. Nd4 Bd7 24. h3 g5 25. Bxe5 dxe5 26. Ne2 Bb5 27. Qg4 Bxe2 28.
Qxe2 Qc5 29. Rxd8 Rxd8 30. Rd1 Rxd1+ 31. Qxd1 Qf2 32. Qb3+ Kf8 33. Qb4+ Ke8 34.
Qxb7 Qf1+ 35. Kh2 Qf4+ 36. Kg1 Qc1+ 37. Kf2 Qd2+ 38. Kf3 g4+ 39. hxg4 Qd3+ 40.
Kf2 Qd2+ 1/2-1/2

[Event "Malaysian Open"]
[Site "Kuala Lumpur MAS"]
[Date "2011.08.20"]
[Round "4.8"]
[White "Sanchez, Joseph"]
[Black "Morris, James"]
[Result "1-0"]
[WhiteTitle "GM"]
[BlackTitle "IM"]
[WhiteElo "2534"]
[BlackElo "2300"]
[WhiteFideId "5201233"]
[BlackFideId "3205800"]
[EventDate "2011.08.18"]

1. e4 e5 2. Nf3 Nc6 3. Nc3 Nf6 4. Bb5 Bc5 5. Nxe5 Nxe5 6. d4 Bd6 7. f4 Ng6 8. e5
c6 9. Ba4 Bc7 10. exf6 Qxf6 11. Ne4 Qh4+ 12. g3 Qh3 13. Qe2 O-O 14. Ng5 Qf5 15.
c3 d5 16. Bc2 Qg4 17. Qd3 Re8+ 18. Kf2 Bf5 19. Qd1 h6 20. Qxg4 Bxg4 21. Nf3 Ne7
22. Re1 f6 23. Bd2 Nf5 24. Rxe8+ Rxe8 25. Re1 Rxe1 26. Bxe1 Nd6 27. Nh4 g5 28.
fxg5 hxg5 29. Nf3 Kf7 30. Bd3 Ke6 31. Ke3 Bf5 32. b3 Bxd3 33. Kxd3 Kf5 34. c4
Ne4 35. Ke3 Bd6 36. Ng1 g4 37. Ne2 Ng5 38. cxd5 Nf3 39. Bf2 Nxh2 40. dxc6 bxc6
41. Kd3 Nf1 42. a4 Ke6 43. Be1 f5 44. Bf2 a6 45. Be1 Nh2 46. Bd2 Nf3 47. Bf4 Bb4
48. Kc4 a5 49. Kd3 Ne1+ 50. Kc4 Ng2 51. Bg5 Bd6 52. Bd2 Bc7 53. Kc5 Kd7 54. d5
Bd6+ 55. Kc4 cxd5+ 56. Kxd5 Bc7 57. Kc5 Ke6 58. Kb5 Ke5 59. Bxa5 Bb8 60. Bb6 Ke4
61. a5 Ne3 62. Nd4 f4 63. gxf4 Bxf4 64. Nc6 Nd5 65. Nb4 Nxb4 66. Kxb4 Bd6+ 67.
Kb5 Kd3 68. a6 Bb8 69. b4 g3 1-0

[Event "Malaysian Open"]
[Site "Kuala Lumpur MAS"]
[Date "2011.08.20"]
[Round "4.9"]
[White "Olay, Edgar Reggie"]
[Black "Wen, Yang"]
[Result "0-1"]
[BlackTitle "GM"]
[WhiteElo "2303"]
[BlackElo "2558"]
[WhiteFideId "5206189"]
[BlackFideId "8602956"]
[EventDate "2011.08.18"]

1. d4 Nf6 2. c4 g6 3. Nc3 Bg7 4. e4 d6 5. Nf3 O-O 6. Be2 e5 7. O-O Nc6 8. d5 Ne7
9. Ne1 Nd7 10. Nd3 f5 11. f3 f4 12. g4 g5 13. Bd2 Ng6 14. Be1 Rf7 15. c5 dxc5
16. Bf2 Bf8 17. Rc1 a6 18. Na4 b6 19. b3 Nf6 20. Qc2 Ne8 21. Nab2 Qf6 22. h3 Bd7
23. a3 a5 24. b4 cxb4 25. axb4 axb4 26. Qd2 Bb5 27. Rfd1 Nd6 28. Bf1 Qh8 29. Rc2
h5 30. Rdc1 Ra7 31. Qxb4 hxg4 32. hxg4 Bxd3 33. Nxd3 Nh4 34. Ne1 Rh7 35. Qb3
Nhf5 36. Bg2 Ng3 37. Bxg3 fxg3 38. Ra2 Rxa2 39. Qxa2 Rf7 40. Qe2 Nb7 41. Nd3 Nc5
42. Kf1 Nxd3 43. Qxd3 Qh2 44. Qe3 Rg7 45. Qe2 Bc5 46. Rxc5 bxc5 47. Qb5 Re7 48.
Qxc5 Qh7 49. Ke2 Qf7 50. f4 exf4 51. Kf3 Qf6 52. Bf1 Qe5 53. Bd3 g2 54. Kxg2 Rh7
55. Qb5 f3+ 56. Kf2 Qd4+ 57. Kxf3 Rf7+ 58. Ke2 Qg1 59. Qe8+ Kg7 60. Qe5+ Kh7 61.
Kd2 Qf2+ 62. Kc3 Qc5+ 63. Kb3 Rf3 64. Qc3 Qb6+ 65. Kc4 c5 66. dxc6 Qxc6+ 67. Kd4
Qxc3+ 68. Kxc3 Rg3 69. Kd4 Rxg4 70. Kd5 Kg7 71. e5 Kf7 72. Be2 Rf4 0-1

[Event "Malaysian Open"]
[Site "Kuala Lumpur MAS"]
[Date "2011.08.20"]
[Round "4.12"]
[White "Wang, Yiye"]
[Black "Nguyen, Duc Hoa"]
[Result "0-1"]
[BlackTitle "IM"]
[WhiteElo "2262"]
[BlackElo "2452"]
[WhiteFideId "8606021"]
[BlackFideId "12401358"]
[EventDate "2011.08.18"]

1. e4 c5 2. Nf3 Nc6 3. d4 cxd4 4. Nxd4 Qb6 5. Nb3 Nf6 6. Nc3 e6 7. Be3 Qc7 8. a3
a6 9. f4 d6 10. g4 b5 11. Bg2 Bb7 12. g5 Nd7 13. O-O Nb6 14. Nd2 Na5 15. Kh1
Nbc4 16. Nxc4 Nxc4 17. Bc1 g6 18. Qd4 Rg8 19. Qd3 Bg7 20. Nd1 h6 21. gxh6 Bxh6
22. b3 Bg7 23. bxc4 bxc4 24. Qe2 Bxa1 25. c3 Qa5 26. Qc2 Rb8 27. Bd2 Bc6 28. Qc1
Rh8 29. Qxa1 Qh5 30. h3 Bxe4 31. Nf2 Bxg2+ 32. Kxg2 Qd5+ 0-1

[Event "Malaysian Open"]
[Site "Kuala Lumpur MAS"]
[Date "2011.08.20"]
[Round "4.13"]
[White "Yee, Soon Wei"]
[Black "Gao, Rui"]
[Result "0-1"]
[WhiteTitle "FM"]
[BlackTitle "IM"]
[WhiteElo "2281"]
[BlackElo "2420"]
[WhiteFideId "10500553"]
[BlackFideId "8602387"]
[EventDate "2011.08.18"]

1. e4 c5 2. Nf3 d6 3. d4 cxd4 4. Nxd4 Nf6 5. Nc3 a6 6. Bg5 Nbd7 7. f4 Qc7 8. Qf3
h6 9. Bxf6 Nxf6 10. f5 Qc5 11. O-O-O g5 12. Nd5 Nxd5 13. exd5 Bg7 14. Nb3 Qb6
15. Bd3 Bd7 16. Rhe1 Bf6 17. Qh5 a5 18. c3 a4 19. Nd2 a3 20. bxa3 Rxa3 21. Ne4
Bxc3 22. Re2 Be5 23. Bb1 O-O 24. f6 Rc8+ 25. Rc2 Bb2+ 0-1